Southville International School and Colleges
Your cart is empty.
  • Cart
  • Lists
    Public lists Eva Luna New books Lux_list list_1
    Your lists Log in to create your own lists
  • Log in to your account
  • Your cookies
  • Search history
Southville International School and Colleges
  • Advanced search
  • Recent comments
  • Most popular
  • Libraries

Log in to your account

Log in with GOOGLE


If you do not have an external account, but do have a local account, you can still log in:

  1. Home
  2. MARC view: A world history of Art /
Normal view MARC view ISBD view

A world history of Art / (Record no. 21877)

[ view plain ]
MARC details
000 -LEADER
fixed length control field 00540nam a2200205 a 4500
005 - DATE AND TIME OF LATEST TRANSACTION
control field 20140310183343.0
008 - FIXED-LENGTH DATA ELEMENTS--GENERAL INFORMATION
fixed length control field 070110s19uu xx 00 eng d
020 ## - INTERNATIONAL STANDARD BOOK NUMBER
International Standard Book Number 1856694518
050 ## - LIBRARY OF CONGRESS CALL NUMBER
Classification number N 5300
Item number .H68 2005
100 ## - MAIN ENTRY--PERSONAL NAME
Personal name Honour, Hugh
245 ## - TITLE STATEMENT
Title A world history of Art /
Statement of responsibility, etc Hugh Honour
250 ## - EDITION STATEMENT
Edition statement 7th ed.
260 ## - PUBLICATION, DISTRIBUTION, ETC. (IMPRINT)
Place of publication, distribution, etc London :
Name of publisher, distributor, etc Laurence King Publishing,
Date of publication, distribution, etc 2005.
300 ## - PHYSICAL DESCRIPTION
Extent 936 p. :
Other physical details col. ill. ;
Dimensions 30 cm.
521 ## - TARGET AUDIENCE NOTE
Target audience note
650 ## - SUBJECT ADDED ENTRY--TOPICAL TERM
Topical term or geographic name as entry element Art
General subdivision History.
700 ## - ADDED ENTRY--PERSONAL NAME
Personal name Fleming, John
942 ## - ADDED ENTRY ELEMENTS (KOHA)
Koha item type Books
Source of classification or shelving scheme Library of Congress Classification
Call number prefix Foreign
Holdings
Withdrawn status Lost status Source of classification or shelving scheme Damaged status Home library Current library Shelving location Date acquired Source of acquisition Cost, normal purchase price Total Checkouts Full call number Barcode Date last seen Copy number Price effective from Koha item type
    Library of Congress Classification   College Library College Library General Circulation Section 08/25/2010   2675.00   N 5300 .H68 2005 C8072 05/15/2018 1 10/10/2013 Books

A world history of Art /

APA

Honour H., Fleming J., . (2005). A world history of Art. London: Laurence King Publishing.

Chicago

Honour Hugh, Fleming John, . 2005. A world history of Art. London: Laurence King Publishing.

Harvard

Honour H., Fleming J., . (2005). A world history of Art. London: Laurence King Publishing.

MLA

Honour Hugh, Fleming John, . A world history of Art. London: Laurence King Publishing. 2005.

  • Place hold
  • Print
  • Cite
  • Add to your cart (remove)
  • Save record
    BIBTEX Dublin Core MARCXML MARC (non-Unicode/MARC-8) MARC (Unicode/UTF-8) MARC (Unicode/UTF-8, Standard) MODS (XML) RIS
  • More searches
    Search for this title in:
    Other Libraries (WorldCat) Other Databases (Google Scholar) Online Stores (Bookfinder.com) Open Library (openlibrary.org)

Exporting to Dublin Core...

SOUTHVILLE LIBRARY

Southville International School and Colleges Library

1281 Tropical Ave. Cor. Luxembourg St., BF Homes International, Las Pinas City

Tel. No. 8256374 / 252358 Loc. 117/146

Powered by Koha